[Event "Tournament (open)"]
[Site "masterchessopen.com Maringa (Brazil)"]
[Date "2011.07.03"]
[Round "6"]
[White "Cruz William Ferreira Da (BRA)"]
[Black "Dropa Rodrigo Moreira"]
[Result "1-0"]
[WhiteElo "2161"]
[BlackElo "1970"]

1.d4 Nf6 2.c4 e6 3.Nc3 Bb4 4.e3 b6 5.Bd3 Bb7 6.f3 Bxc3+ 7.bxc3 Nh5 8.Nh3 f5
9.O-O O-O 10.e4 f4 11.e5 Nc6 12.Qc2 {#r} 1-0

[Event "It (open)"]
[Site "masterchessopen.com Dieren (Netherlands)"]
[Date "2011.07.21"]
[Round "3"]
[White "Georgiev Vladimir (MKD)"]
[Black "Ikeda Junta (AUS)"]
[Result "1-0"]
[WhiteElo "2574"]
[BlackElo "2358"]

1.d4 Nf6 2.c4 e6 3.Nc3 Bb4 4.e3 b6 5.Bd3 Bb7 6.Nf3 Ne4 7.O-O Bxc3 8.bxc3 O-O
9.Nd2 Nxd2 10.Bxd2 f5 11.Qc2 Qh4 12.f4 Qf6 13.Rae1 c5 14.e4 fxe4 15.Rxe4 Bxe4
16.Bxe4 Nc6 17.Bxh7+ Kf7 18.f5 Ke8 19.Bg6+ Kd8 20.Qc1 Qe7 21.Bg5 Rf6 22.Bxf6
gxf6 23.fxe6 cxd4 24.exd7 Kxd7 25.cxd4 Rg8 26.Qf4 {#r} 1-0

[Event "It (open)"]
[Site "masterchessopen.com Creon (France)"]
[Date "2011.08.04"]
[Round "6"]
[White "Inkiov Ventzislav (BUL)"]
[Black "Fantinel Thibault (FRA)"]
[Result "1-0"]
[WhiteElo "2465"]
[BlackElo "2286"]

1.d4 Nf6 2.c4 e6 3.Nc3 Bb4 4.e3 b6 5.Bd3 Bb7 6.Nf3 O-O 7.O-O c5 8.Na4 cxd4
9.a3 Be7 10.exd4 d6 11.Nc3 Nbd7 12.d5 e5 13.Ng5 h6 14.Nh3 Rc8 15.f4 a6 16.a4
exf4 17.Nxf4 Ne5 18.b3 Nfd7 19.Nh5 Bg5 20.Bf5 Rc7 21.Ne4 Bxc1 22.Rxc1 Nc5
23.Nef6+ Kh8 24.Rc3 Bc8 25.Bb1 Ncd7 26.Rg3 Nxf6 27.Rxf6 Rg8 28.Qc2 g6 29.h3
Rf8 30.Qd2 {#r} 1-0

[Event "Ch World (juniors) (under 20)"]
[Site "masterchessopen.com Chennai (India)"]
[Date "2011.08.05"]
[Round "4"]
[White "Hercules Benjamin Vincent (RSA)"]
[Black "Turqueza Mari Joseph (PHI)"]
[Result "0-1"]
[WhiteElo "2056"]
[BlackElo "2274"]

1.d4 Nf6 2.c4 e6 3.Nc3 Bb4 4.e3 b6 5.Bd3 Bb7 6.Nf3 Ne4 7.Qc2 f5 8.O-O Bxc3
9.bxc3 O-O 10.Ne1 c5 11.f3 Nd6 12.a4 Nc6 13.Ba3 Na5 14.dxc5 Ndxc4 15.Bxc4 Nxc4
16.Qc1 Nxa3 17.Qxa3 Rc8 18.cxb6 Qxb6 19.Nc2 Qa5 20.Qb2 Rxc3 21.Qxb7 Rxc2
22.Qxd7 Qb6 23.Qd4 Qa6 24.Rfc1 Rfc8 25.Rxc2 Rxc2 26.Rb1 h6 27.Rb5 Kh7 28.h4
Qc6 29.h5 Ra2 30.Rc5 Qb6 31.Rc4 Qd8 32.f4 {#R} 0-1

[Event "It (open)"]
[Site "masterchessopen.com Kuala Lumpur (Malaysia)"]
[Date "2011.08.25"]
[Round "9"]
[White "Vakhidov Jahongir (UZB)"]
[Black "Salcedo Richilieu (PHI)"]
[Result "1-0"]
[WhiteElo "2392"]
[BlackElo "2222"]

1.d4 Nf6 2.c4 e6 3.Nc3 Bb4 4.e3 b6 5.Bd3 Bb7 6.f3 c5 7.a3 cxd4 8.axb4 dxc3
9.bxc3 Qc7 10.Ne2 O-O 11.O-O d6 12.e4 Nbd7 13.Bg5 Ne5 14.Bxf6 gxf6 15.f4 Nxd3
16.Qxd3 Rfc8 17.Rf3 Qxc4 18.Rg3+ Kh8 19.Qxd6 Qc7 20.Qd4 Qe7 21.Qe3 e5 22.fxe5
a5 23.Rd1 Rd8 24.Rxd8+ Rxd8 25.Qh6 Rg8 26.Rxg8+ Kxg8 27.Ng3 {#r} 1-0

[Event "Tournament (open)"]
[Site "masterchessopen.com Sao Paulo (Brazil)"]
[Round "7"]
[White "Fernandez Maria (ARG)"]
[Black "Brito Luizmar J (BRA)"]
[Result "1-0"]
[WhiteElo "2152"]
[BlackElo "2278"]

1.d4 Nf6 2.c4 e6 3.Nc3 Bb4 4.e3 b6 5.Bd3 Bxc3+ 6.bxc3 Nc6 7.e4 e5 8.Ne2 Qe7
9.d5 Na5 10.Ng3 d6 11.f3 h6 12.Be3 O-O 13.Qd2 Kh7 14.h4 Ng8 15.O-O-O Qe8
16.Nf5 Qa4 17.Rh3 Nxc4 18.Bxc4 Qxc4 19.Rg3 Bxf5 20.exf5 f6 21.Rg4 Qa6 22.Rb4
Rac8 23.g4 c6 24.g5 cxd5 25.gxh6 Qa3+ 26.Kb1 Qxc3 27.hxg7 Kxg7 28.Rg4+ Kf7
29.Qxd5+ Ke8 30.Rc1 {#r} 1-0

[Event "Memorial Kopylov (KO-system)"]
[Site "masterchessopen.com Ufa (Russia)"]
[Date "2011.12.16"]
[Round "1"]
[White "Churaev Raif (RUS)"]
[Black "Jamilov Robert F (RUS)"]
[Result "0-1"]
[WhiteElo "2091"]
[BlackElo "2421"]

1.d4 Nf6 2.c4 e6 3.Nc3 Bb4 4.e3 b6 5.Bd3 Bb7 6.Ne2 Bxg2 7.Rg1 Be4 8.a3 Bxc3+
9.Nxc3 Bg6 10.e4 d5 11.cxd5 exd5 12.Bg5 dxe4 13.Bxe4 Bxe4 14.Nxe4 Qe7 15.f3
Nbd7 16.Qa4 {#R} 0-1

[Event "It (open)"]
[Site "masterchessopen.com Krakow (Poland)"]
[Round "5"]
[White "Swiech Przemyslaw (POL)"]
[Black "Jedynak Radoslaw (POL)"]
[Result "0-1"]
[WhiteElo "2269"]
[BlackElo "2494"]

1.d4 Nf6 2.c4 e6 3.Nc3 Bb4 4.e3 b6 5.Bd3 Bb7 6.Nf3 Ne4 7.Qc2 Nxc3 8.bxc3 Be7
9.e4 d6 10.Be3 Nd7 11.Rd1 O-O 12.e5 g6 13.Bf4 dxe5 14.dxe5 Bxf3 15.gxf3 Qc8
16.Be4 c6 17.Qe2 Nc5 18.Bb1 Rd8 19.Rd4 Na4 20.Bd2 b5 21.Rxd8+ Qxd8 22.Be4 Rc8
23.cxb5 cxb5 24.Qxb5 Nxc3 25.Bxc3 Rxc3 26.O-O Bc5 27.Qa4 Qg5+ 28.Kh1 Qxe5
29.Rd1 Bd6 {#R} 0-1

[Event "Ch Australia"]
[Site "masterchessopen.com North Geelong (Australia)"]
[Date "2012.01.03"]
[Round "7"]
[White "Nakauchi Gene (AUS)"]
[Black "Chen Peng Yu (AUS)"]
[Result "1-0"]
[WhiteElo "2123"]
[BlackElo "2056"]

1.d4 Nf6 2.c4 e6 3.Nc3 Bb4 4.e3 b6 5.Bd3 Bb7 6.Nf3 Ne4 7.O-O f5 8.Qc2 Bxc3
9.bxc3 O-O 10.Nd2 Qh4 11.f3 Nxd2 12.Bxd2 Nc6 13.e4 fxe4 14.Bxe4 Na5 15.Bxb7
Nxb7 16.Rae1 Na5 17.Qa4 d5 18.cxd5 exd5 19.Qd7 Qd8 20.Qe6+ Kh8 21.Re5 c6
22.Qh3 Rf7 23.Rfe1 Nc4 24.Bg5 Qc8 25.Re6 Kg8 26.Qg3 Qd7 27.Bf6 Raf8 28.Re7 Qd6
29.Rxf7 {#r} 1-0

[Event "Ch Provinciale CO"]
[Site "masterchessopen.com Como (Italy)"]
[Date "2012.01.28"]
[Round "4"]
[White "Bellotto Stefano (ITA)"]
[Black "Primerano Carlo (ITA)"]
[Result "1-0"]
[WhiteElo "2000"]
[BlackElo "1774"]

1.d4 Nf6 2.c4 e6 3.Nc3 Bb4 4.e3 b6 5.Bd3 Bb7 6.Nf3 Ne4 7.Qc2 f5 8.a3 Bxc3+
9.bxc3 d6 10.O-O O-O 11.Ne1 Nd7 12.f3 Nef6 13.Be2 c5 14.Bb2 Qe7 15.Rd1 Rfd8
16.Nd3 Nb8 17.Rfe1 Nc6 18.Nf4 Na5 19.Bf1 Ba6 20.d5 exd5 21.cxd5 Bxf1 22.Kxf1
Nc4 23.Bc1 Qe5 24.Qd3 b5 25.Ne6 Rd7 26.g3 Ne8 27.e4 fxe4 28.Rxe4 Qf5 29.g4 Qg6
30.Nf4 Qh6 31.Kg2 Nf6 32.Re6 {#r} 1-0

[Event "Ch Romania"]
[Site "masterchessopen.com Sarata Monteoru (Romania)"]
[Date "2012.02.18"]
[Round "8"]
[White "Baciu Stefan (ROM)"]
[Black "Pisu Robert (ROM)"]
[Result "1-0"]
[WhiteElo "2222"]
[BlackElo "2037"]

1.d4 Nf6 2.c4 e6 3.Nc3 Bb4 4.e3 b6 5.Bd3 Bb7 6.Nf3 Ne4 7.O-O Nxc3 8.bxc3 Bxc3
9.Rb1 f5 10.Rb3 Ba5 11.Ba3 d6 12.d5 exd5 13.cxd5 Bxd5 14.Bb5+ Bc6 15.Nd4 Bxb5
16.Rxb5 Qd7 17.Qf3 c6 18.Rxf5 Bc3 19.Rc1 Bxd4 20.exd4 Kd8 21.Rf7 Qe6 22.Rxg7
Re8 23.h3 Re7 24.Rxe7 Qxe7 25.Rc3 Kc7 26.Re3 Qd8 27.Re6 d5 28.Qf7+ Nd7 29.Bd6+
{#r} 1-0

[Event "It \"]
[Site "masterchessopen.com Vienna (Austria)"]
[Date "2012.05.08"]
[Round "2"]
[White "Stanec Nikolaus (AUT)"]
[Black "Gutsch Franz"]
[Result "1-0"]
[WhiteElo "2545"]
[BlackElo "2033"]

1.c4 Nf6 2.Nc3 e6 3.d4 Bb4 4.e3 b6 5.Bd3 Bb7 6.Ne2 Ne4 7.O-O Bxc3 8.bxc3 d6
9.Qc2 Nf6 10.e4 e5 11.f4 Nbd7 12.fxe5 dxe5 13.Bg5 h6 14.Bh4 g5 15.Be1 Qe7
16.Ng3 O-O-O 17.Bd2 c5 18.Nf5 Qf8 19.a4 cxd4 20.cxd4 exd4 21.a5 Nc5 22.axb6
axb6 23.e5 Ng4 24.Nd6+ Rxd6 25.Bf5+ Kb8 26.Bxg4 Rd8 27.e6 d3 28.Qb2 Qd6 29.Bc3
{#r} 1-0

[Event "Ch France (team) 2012"]
[Site "masterchessopen.com Belfort (France)"]
[Date "2012.06.02"]
[Round "3"]
[White "Edouard Romain (FRA)"]
[Black "Fedorchuk Sergey A (UKR)"]
[Result "1-0"]
[WhiteElo "2607"]
[BlackElo "2634"]

1.d4 Nf6 2.c4 e6 3.Nc3 Bb4 4.e3 b6 5.Bd3 Bb7 6.Nf3 Ne4 7.O-O f5 8.Bd2 Bxc3
9.Bxc3 Nxc3 10.bxc3 O-O 11.Qe2 Nc6 12.e4 Ne7 13.d5 fxe4 14.Qxe4 Ng6 15.h4 Qf6
16.Ng5 exd5 17.cxd5 Rae8 18.Qg4 Ne5 19.Bxh7+ Kh8 20.Qd4 Nf7 21.Qd3 Nxg5
22.hxg5 Qxg5 23.Bg6 Re7 24.f4 Qg4 25.Rf3 Rxf4 26.Rxf4 {#r} 1-0

[Event "It (open) (b)"]
[Site "masterchessopen.com Pardubice (Czech Republic)"]
[Date "2012.07.21"]
[Round "2"]
[White "Radovanovic Jovica (SRB)"]
[Black "Mulenko Alexander (RUS)"]
[Result "1-0"]
[WhiteElo "2341"]
[BlackElo "2060"]

1.d4 Nf6 2.c4 e6 3.Nc3 Bb4 4.e3 b6 5.Bd3 Bb7 6.Nf3 O-O 7.O-O Bxc3 8.bxc3 Ne4
9.Ne1 f5 10.f3 Nf6 11.Qc2 d6 12.e4 fxe4 13.fxe4 e5 14.Nf3 Qe8 15.dxe5 dxe5
16.c5 Ba6 17.Ba3 Bxd3 18.Qxd3 bxc5 19.Bxc5 Rf7 20.Ng5 Nbd7 21.Qc4 Kh8 22.Ba3
h6 23.Ne6 {#r} 1-0

[Event "It (open) \"]
[Site "masterchessopen.com Berlin (Germany)"]
[Date "2012.08.22"]
[Round "5"]
[White "Vogel Robert (GER)"]
[Black "Ruehrmund Daniel (GER)"]
[Result "0-1"]
[WhiteElo "2258"]
[BlackElo "1997"]

1.d4 Nf6 2.c4 e6 3.Nc3 Bb4 4.e3 b6 5.Bd3 Bb7 6.Nf3 Ne4 7.Qc2 f5 8.O-O Bxc3
9.bxc3 O-O 10.Nd2 Nxd2 11.Bxd2 Qh4 12.f3 d6 13.a4 Nc6 14.g3 Qh5 15.e4 Na5
16.d5 fxe4 17.fxe4 e5 18.c5 dxc5 19.c4 Rxf1+ 20.Rxf1 Bc8 21.Rf2 Nb7 22.Bc3 Bh3
23.Be2 Qg5 24.Bd2 Qg6 25.Bc3 Re8 26.Bd3 Nd6 27.a5 Qh5 28.Qa4 Rf8 29.Be2 Qxe2
{#R} 0-1

[Event "It (open) (b)"]
[Site "masterchessopen.com Collado Villalba (Spain)"]
[Date "2012.08.27"]
[Round "4"]
[White "Abad Martin-Camunas Luis"]
[Black "Orantes Sanz Ricardo"]
[Result "0-1"]
[WhiteElo "1387"]
[BlackElo "1604"]

1.d4 Nf6 2.c4 e6 3.Nc3 Bb4 4.e3 b6 5.Bd3 Bb7 6.f3 O-O 7.Qc2 g6 8.e4 Re8 9.Bg5
Be7 10.e5 Nh5 11.Bh6 d6 12.exd6 Bxd6 13.Nge2 Qh4+ 14.Kd2 Nc6 15.a3 Nxd4
16.Nxd4 Qxd4 17.Be3 Bf4 18.Rae1 Rad8 19.Rhf1 Qxc4 20.g3 Ba6 21.gxf4 Rxd3+
22.Kc1 Rxe3 23.Nd1 Qxc2+ 24.Kxc2 Rxe1 25.Rxe1 Nxf4 26.b4 c5 {#R} 0-1

[Event "Olympiad (w)"]
[Site "masterchessopen.com Istanbul (Turkey)"]
[Date "2012.09.05"]
[Round "8"]
[White "Dahdal Lougain (JOR)"]
[Black "Berzina Ilze (LAT)"]
[Result "0-1"]
[WhiteElo "1920"]
[BlackElo "2306"]

1.d4 Nf6 2.c4 e6 3.Nc3 Bb4 4.e3 b6 5.Bd3 Bb7 6.Nf3 O-O 7.O-O Bxc3 8.bxc3 Ne4
9.Qc2 f5 10.Ne1 d6 11.f3 Nf6 12.Rb1 Nbd7 13.a4 c5 14.a5 Rc8 15.axb6 axb6
16.Ba3 Qc7 17.Qb3 Kh8 18.Nc2 Ba6 19.Rfd1 Rfe8 20.Qa4 Ra8 21.Qb3 d5 22.dxc5
bxc5 23.Ne1 dxc4 24.Bxc4 Bxc4 25.Qxc4 Rxa3 26.Nd3 Nd5 {#R} 0-1

[Event "Olympiad (w)"]
[Site "masterchessopen.com Istanbul (Turkey)"]
[Date "2012.09.07"]
[Round "10"]
[White "Saleh Nora Mohd (UAE)"]
[Black "Arda Cagil Irmak (TUR)"]
[Result "1-0"]
[WhiteElo "1936"]
[BlackElo "1634"]

1.d4 Nf6 2.c4 e6 3.Nc3 Bb4 4.e3 b6 5.Bd3 Bb7 6.Nf3 O-O 7.O-O Bxc3 8.bxc3 Ne4
9.Qc2 f5 10.Nd2 Nxd2 11.Bxd2 d6 12.Rae1 Nd7 13.e4 Qf6 14.exf5 exf5 15.Re3 g6
16.Rfe1 Qg7 17.Qc1 Rf7 18.Re6 Nf8 19.Bh6 Qh8 20.Re7 Qf6 21.Bg5 Qh8 22.Rxf7
Kxf7 23.Re7+ Kg8 24.Qe3 Rc8 25.g4 h6 26.Bxh6 Qf6 27.g5 f4 28.Qe1 Qh8 29.Bxf8
Kxf8 30.Qe6 Qg8 31.Qf6+ {#r} 1-0

[Event "Ch Germany (juniors) (Internet) (under 25) (final)"]
[Site "masterchessopen.com Internet"]
[Date "2012.09.15"]
[Round "6"]
[White "Colpe Malte (GER)"]
[Black "Moeller Hendrik (GER)"]
[Result "1-0"]
[WhiteElo "2284"]
[BlackElo "2238"]

1.d4 Nf6 2.c4 e6 3.Nc3 Bb4 4.e3 b6 5.Bd3 Bb7 6.Nf3 c5 7.O-O O-O 8.Na4 cxd4
9.exd4 d5 10.c5 bxc5 11.a3 c4 12.axb4 cxd3 13.Nc5 Bc6 14.Ne5 Bb5 15.Nexd3 Ne4
16.Re1 Nd6 17.Bf4 Nc6 18.Ne5 Nxb4 19.Qh5 Nc2 20.Bg5 Qe8 21.Bf6 gxf6 22.Ng4 Qd8
23.Qh6 Ne8 24.Ra3 Nxa3 25.Re3 Ng7 26.Nxf6+ Qxf6 27.Qxf6 Kh8 28.Rg3 Rg8 29.bxa3
Be8 30.h4 Rb8 31.h5 Rb1+ 32.Kh2 {#r} 1-0